Sous Quelle Agence est Ce Groupe Kpop #2 - Statistiques

Statistiques générales
  • Ce quiz a été pris 287 fois
  • Le résultat moyen est 6 sur 16
Statistiques - réponses
Par images Réponse % Correct
Sm
87%
JYP
75%
Big Hit
67%
Sm
62%
StarShip
60%
JYP
55%
YG
29%
Wake One
28%
Cube
23%
KQ
22%
Pledis
15%
Attrakt | Warner Bros. Records
11%
BlockBerry Creative
10%
High Up
10%
Xgalx
5%
Grandline Group | Sony Music Korea
2%
Aucun quiz correspondant
Distribution des résultats
% des personnes avec chaque résultat
Percentile par nombre de réponses
Votre historique - résultats
Vous n’avez pas pris ce quiz